00344nam a2200109Ia 4500008004100000041000800041082001400049100004300063245008000106260002900186300001900215241028s9999 xx 000 0 und d aeng a005.7 DIN aDinov, Ivo D. and Velev, Milen Velchev aData Science: The Complexity, Inferential Uncertainty & Spacekime Analytics bDe GruyteraBostonc2022 a458;. P. 24 cm